Advanced planting material to effectively reduce immaturity period of Hevea (Record no. 53860)

MARC details
000 -LEADER
fixed length control field 00539nam a2200181Ia 4500
100 ## - MAIN ENTRY--AUTHOR NAME
Personal name Thim L T
245 #0 - TITLE STATEMENT
Title Advanced planting material to effectively reduce immaturity period of Hevea
260 ## - PUBLICATION, DISTRIBUTION, ETC. (IMPRINT)
Name of publisher Proceedings of the RRIM Rubber Growers Conference, Ipoh, Perak 1986; p200-217
650 ## - SUBJECT ADDED ENTRY--TOPICAL TERM
Topical Term Immaturity period
650 ## - SUBJECT ADDED ENTRY--TOPICAL TERM
Topical Term Planting material
700 ## - ADDED ENTRY--PERSONAL NAME
Personal name Chin PNg Tat
700 ## - ADDED ENTRY--PERSONAL NAME
Personal name Hai T C
700 ## - ADDED ENTRY--PERSONAL NAME
Personal name Khairudin H
700 ## - ADDED ENTRY--PERSONAL NAME
Personal name Kheng C O
700 ## - ADDED ENTRY--PERSONAL NAME
Personal name Tiong G L
942 ## - ADDED ENTRY ELEMENTS (KOHA)
Koha item type Journals
Holdings
Withdrawn status Lost status Damaged status Not for loan Home library Current library Shelving location Date acquired Koha item type
      Journals RRII Library RRII Library Botany 17/12/2021 Journals